000 00236nmm a2200085Ia 4500
008 220120s9999||||xx |||||||||||||||||und||
100 _aChip
245 0 _aRed hat system, multimedia, mobile 5 free full games, game d
260 _aInfomedia18
999 _c139821
_d139821